000 01339nam a22002057a 4500
003 JO-AjAnu
005 20231211102048.0
008 231211b jo ||||| |||| 00| 0 ara d
040 _aJO-AjAnu
_bARA
_cJO-AjAnu
041 _aARA
050 _aHD30.28 2023
100 1 _aالمومني، طارق عبد الرحمن قاسم
_964875
_eمعد
245 0 0 _aدور التخطيط الاستراتيجي في ادارة الازمات في وزارة الاشغال العامة والاسكان في الاردن - النجاج الاستراتيجي متغير معدل = The Role of Strategic planning in Crisis Management at the Ministry of public Works and Housing in jordan, Strategic Success as:a Moderating Variable /
_cاعداد طارق عبد الرحمن قاسم المومني ؛ اشراف بدر عايد القعيد
260 _aعجلون، الاردن :
_bجامعة عجلون الوطنية،
_c2023
300 _a126 ورقة
504 _a رسالة جامعية (ماجستير) .- جامعة عجلون الوطنية (عجلون، الأردن)، كلية ادارة الاعمال، قسم ادارة الاعمال، 2023
650 0 _aالادارة الاستراتيجية - ادارة الازمات
_964878
700 1 _aالقعيد، بدر عايد
_964879
_eمشرف
942 _2lcc
_cTHS
_n0
999 _c33261
_d33261